Państwa z identycznym tłumaczeniem na język angielski - Statystyki

Ogólne statystyki
  • Ten quiz został rozwiązany 6 088 razy
    5 151 od ostatniego zresetowania
  • Średni wynik to 32 z 64
Statystyki odpowiedzi
Kontynent Państwa % Poprawnych
Oceania Australia
73%
Ameryka Południowa Chile
73%
Europa San Marino
73%
Ameryka Południowa Peru
70%
Europa Malta
64%
Europa Albania
63%
Europa Austria
62%
Afryka Niger
61%
Azja Iran
60%
Europa Estonia
59%
Europa Liechtenstein
59%
Europa Serbia
59%
Afryka Nigeria
58%
Azja Oman
58%
Oceania Vanuatu
58%
Oceania Palau
56%
Oceania Tuvalu
56%
Ameryka Północna Panama
55%
Ameryka Północna Haiti
54%
Oceania Nauru
53%
Oceania Samoa
53%
Afryka Sudan
53%
Afryka Angola
52%
Afryka Mali
52%
Oceania Tonga
52%
Afryka Togo
51%
Afryka Ghana
50%
Afryka Somalia
50%
Ameryka Północna Belize
49%
Azja Laos
49%
Afryka Senegal
49%
Afryka Zambia
49%
Ameryka Północna Honduras
48%
Afryka Zimbabwe
48%
Azja Bhutan
47%
Oceania Kiribati
47%
Azja Nepal
47%
Azja Pakistan
47%
Afryka Lesotho
46%
Azja Armenia
45%
Ameryka Północna Barbados
44%
Afryka Benin
44%
Afryka Namibia
44%
Afryka Botswana
43%
Afryka Eswatini
43%
Afryka Gambia
43%
Azja Mongolia
43%
Afryka Rwanda
43%
Ameryka Północna Saint Lucia
43%
Azja Brunei
42%
Afryka Uganda
42%
Afryka Burundi
41%
Azja Sri Lanka
41%
Azja Syria
40%
Afryka Tanzania
40%
Afryka Gabon
39%
Azja Uzbekistan
38%
Afryka Burkina Faso
37%
Afryka Sierra Leone
37%
Azja Turkmenistan
37%
Ameryka Północna Grenada
36%
Afryka Liberia
36%
Afryka Malawi
36%
Afryka Mauritius
35%
Nie znaleziono quizów pasujących do podanych kryteriów
Rozkład punktacji
Procent ludzi z każdym wynikiem
Percentyl według liczby udzielonych odpowiedzi
Twoja historia wyników
Nie rozwiązałeś tego quizu od ostatniego zresetowania